Naptármorzsák ; Palóc Krisztus

Bibliographic Details
Main Author: Szászi, Zoltán, 1964- (Author)
Other Authors: Lukács, Zsolt (Illustrator)
Format: Article
Language:Hungarian
PhysicalDescription:Obr.
Subjects:

MARC

LEADER 00000nab a2200000 a 4500
001 vtls000689048
003 SK-MaSNL
005 20260304020238.0
008 250115c1998 xo 0 hun
015 |a SNBRB1999/03-07612 
035 |a CLN000041215 
040 |a SNKBUCL  |b slo  |c SNKBUCL  |e AACR2 
041 0 |a hun 
044 |a xo  |c SK 
080 |a 894.511 (437.6)-1=945.11  |2 UDC-MRF-SK2 
100 1 |a Szászi, Zoltán,  |d 1964-  |4 aut  |9 102323 
245 1 0 |a Naptármorzsák ; Palóc Krisztus  |c Szászi Zoltán ; illusztrálta Lukács Zsolt 
300 |b Obr. 
655 7 |a maďarská poézia  |2 snkbucl  |9 70602 
700 1 |a Lukács, Zsolt  |4 ill  |9 9515 
773 0 |t Szőrös kő  |g Roč. 3, č. 3 (1998), s. 1-4 
850 |a Slovenská národná knižnica 
852 |a Slovenská národná knižnica 
958 |a HU 
958 |a SK 
958 |a LX 
958 |a RBX 
999 |c 2597366  |d 2599296